[Event "Varennes inv."]
[Site "Varennes CAN"]
[Date "2011.11.05"]
[Round "2"]
[White "Leveille, Francois"]
[Black "Chiku-Ratte, Olivier-Kenta"]
[Result "1/2-1/2"]
[WhiteElo "2309"]
[BlackElo "2177"]
[PlyCount "69"]
[EventDate "2011.11.04"]
[EventType "tourn"]
[EventRounds "5"]
[EventCountry "CAN"]

1. Nf3 c5 2. c4 Nf6 3. Nc3 Nc6 4. g3 g6 5. Bg2 Bg7 6. O-O O-O 7. d4 cxd4 8.
Nxd4 Nxd4 9. Qxd4 d6 10. Qd3 Bf5 11. e4 Bd7 12. Bd2 Bc6 13. Qe2 a5 14. b3 Nd7
15. Rab1 Nc5 16. Rfc1 Qb6 17. Nd5 Bxd5 18. cxd5 Rfc8 19. Be3 Qa6 20. Qxa6 Nxa6
21. Bh3 Rc3 22. Rxc3 Bxc3 23. Rc1 Bb4 24. Rc8+ Rxc8 25. Bxc8 Bc5 26. Bxb7 Nb4
27. Bxc5 dxc5 28. a3 Nc2 29. Ba6 Nxa3 30. Kf1 Nc2 31. Bb5 f5 32. e5 Kf8 33. Bc4
Nd4 34. Kg2 g5 35. f4 1/2-1/2

[Event "Varennes inv."]
[Site "Varennes CAN"]
[Date "2011.11.05"]
[Round "3"]
[White "Chiku-Ratte, Olivier-Kenta"]
[Black "Caire, Francois"]
[Result "1-0"]
[WhiteElo "2177"]
[BlackElo "2272"]
[PlyCount "51"]
[EventDate "2011.11.04"]
[EventType "tourn"]
[EventRounds "5"]
[EventCountry "CAN"]

1. d4 Nf6 2. c4 e6 3. Nc3 Bb4 4. e3 O-O 5. Nge2 d5 6. a3 Be7 7. cxd5 exd5 8.
Nf4 a5 9. Bd3 c6 10. O-O Na6 11. Qc2 g6 12. f3 Nc7 13. b3 c5 14. dxc5 Bxc5 15.
Nce2 Bd6 16. Bb2 Re8 17. Bd4 Ne6 18. Nxe6 fxe6 19. Bxg6 Rf8 20. Bxh7+ Kh8 21.
f4 Qe7 22. Bd3 Bd7 23. Rf3 e5 24. fxe5 Bxe5 25. Nf4 Be8 26. Qb2 1-0

[Event "Varennes inv."]
[Site "Varennes CAN"]
[Date "2011.11.06"]
[Round "4"]
[White "Chiku-Ratte, Olivier-Kenta"]
[Black "Masse, Hugues"]
[Result "0-1"]
[WhiteElo "2177"]
[BlackElo "2294"]
[PlyCount "110"]
[EventDate "2011.11.04"]
[EventType "tourn"]
[EventRounds "5"]
[EventCountry "CAN"]

1. d4 Nf6 2. c4 g6 3. Nc3 d5 4. cxd5 Nxd5 5. e4 Nxc3 6. bxc3 Bg7 7. Nf3 c5 8.
Rb1 O-O 9. Be2 cxd4 10. cxd4 Qa5+ 11. Bd2 Qxa2 12. O-O b6 13. Bg5 Bb7 14. d5 e6
15. Be7 Re8 16. d6 Bxe4 17. Rc1 Nc6 18. Bb5 Nxe7 19. Bxe8 Rxe8 20. dxe7 Qa3 21.
Rc7 Bd5 22. Qd2 Bf6 23. Qf4 Kg7 24. Rfc1 Rxe7 25. Rc8 e5 26. Qe3 Qxe3 27. fxe3
e4 28. Nd4 Bxd4 29. exd4 b5 30. R8c5 Bc4 31. d5 Rd7 32. R5xc4 bxc4 33. Rxc4
Rxd5 34. Rxe4 Rd1+ 35. Kf2 Ra1 36. Re8 a5 37. Ra8 a4 38. g3 a3 39. Kg2 a2 40.
h4 f5 41. Kh2 h6 42. Ra7+ Kf6 43. Ra6+ Ke5 44. Kg2 g5 45. hxg5 hxg5 46. Ra5+
Kd4 47. Ra4+ Kc3 48. Ra8 f4 49. gxf4 gxf4 50. Rc8+ Kd4 51. Rd8+ Ke4 52. Re8+
Kf5 53. Rf8+ Kg6 54. Rg8+ Kf7 55. Ra8 f3+ 0-1

[Event "Varennes inv."]
[Site "Varennes CAN"]
[Date "2011.11.06"]
[Round "5"]
[White "Roy, Myriam"]
[Black "Chiku-Ratte, Olivier-Kenta"]
[Result "0-1"]
[WhiteElo "2088"]
[BlackElo "2177"]
[PlyCount "96"]
[EventDate "2011.11.04"]
[EventType "tourn"]
[EventRounds "5"]
[EventCountry "CAN"]

1. e4 c5 2. Nf3 d6 3. d4 cxd4 4. Nxd4 Nf6 5. Nc3 g6 6. Be2 Bg7 7. Be3 Nc6 8.
Nb3 O-O 9. O-O Be6 10. f4 Rc8 11. Kh1 a6 12. Qe1 b5 13. Bd3 Na5 14. Rd1 Nc4 15.
Bc1 b4 16. Ne2 Qb6 17. f5 Bd7 18. Nf4 a5 19. Qe2 Bb5 20. Rde1 a4 21. Nd2 Nxd2
22. Qxd2 Bxd3 23. cxd3 b3 24. axb3 Qxb3 25. d4 Rc2 26. Qa5 Qc4 27. e5 Ne4 28.
Nd5 Nf2+ 29. Kg1 Ng4 30. Nxe7+ Kh8 31. Qb6 dxe5 32. h3 e4 33. f6 Nxf6 34. Qd6
Ne8 35. Qa3 Qxd4+ 36. Kh1 Nf6 37. Rd1 Qc4 38. Bg5 Qe2 39. Rg1 Nh5 40. Bh4 Rd2
41. Rxd2 Qxd2 42. Qxa4 e3 43. Re1 g5 44. Rd1 Qxb2 45. Bxg5 e2 46. Re1 Qc3 47.
Bh4 Be5 48. Nf5 Ng3+ 0-1

[Event "Quebec-ch Elite"]
[Site "Montreal CAN"]
[Date "2011.10.07"]
[Round "1"]
[White "Chiku-Ratte, Olivier-Kenta"]
[Black "Wu, Qiyou"]
[Result "1-0"]
[WhiteElo "2143"]
[BlackElo "1863"]
[PlyCount "83"]
[EventDate "2011.10.07"]
[EventType "swiss"]
[EventRounds "7"]
[EventCountry "CAN"]

1. d4 d5 2. c4 e6 3. Nc3 Be7 4. cxd5 exd5 5. Bf4 Nf6 6. e3 c6 7. Bd3 Nbd7 8.
Qc2 O-O 9. Nf3 Re8 10. O-O Nf8 11. h3 Ng6 12. Bh2 Bd6 13. Bxd6 Qxd6 14. Rab1 a5
15. a3 Qe7 16. Na4 Ne4 17. Nb6 Rb8 18. Nxc8 Rbxc8 19. b4 axb4 20. axb4 Nh4 21.
Bxe4 dxe4 22. Nxh4 Qxh4 23. Rbc1 Qg5 24. Qc5 Qh4 25. b5 Re6 26. d5 Rg6 27. Kh2
Qg5 28. Rg1 Qe5+ 29. Kh1 Qf5 30. dxc6 Qxc5 31. Rxc5 bxc6 32. Rgc1 Kf8 33. bxc6
Ke7 34. c7 Kd7 35. Re5 Re6 36. Rxe6 Kxe6 37. Kh2 f5 38. h4 h6 39. h5 f4 40.
exf4 Kd5 41. g4 Kd4 42. Rd1+ 1-0

[Event "Quebec-ch Elite"]
[Site "Montreal CAN"]
[Date "2011.10.08"]
[Round "3"]
[White "Chiku-Ratte, Olivier-Kenta"]
[Black "Auger, Bertrand"]
[Result "1-0"]
[WhiteElo "2143"]
[BlackElo "1941"]
[PlyCount "77"]
[EventDate "2011.10.07"]
[EventType "swiss"]
[EventRounds "7"]
[EventCountry "CAN"]

1. d4 Nf6 2. c4 e6 3. Nc3 Bb4 4. e3 b6 5. Nge2 Bb7 6. a3 Be7 7. d5 O-O 8. Ng3
exd5 9. cxd5 Re8 10. Be2 a5 11. O-O Na6 12. Bf3 Bc5 13. e4 d6 14. Nf5 h6 15.
Bf4 Qd7 16. Qd2 Nh7 17. Bg4 Qd8 18. Be2 Qf6 19. Bb5 Red8 20. Ne2 Ng5 21. Qd3
Nb8 22. h4 Nh7 23. Neg3 g6 24. Nxh6+ Kg7 25. Qd2 c6 26. dxc6 Nxc6 27. Bxc6 Bxc6
28. Rac1 a4 29. Rc3 Re8 30. Rf3 Qe6 31. Re1 f6 32. h5 Nf8 33. hxg6 Nxg6 34.
Ngf5+ Kf8 35. Rg3 Ne7 36. Qe2 Nxf5 37. Nxf5 Qxf5 38. Bh6+ Kf7 39. Rg7+ 1-0

[Event "Quebec-ch Elite"]
[Site "Montreal CAN"]
[Date "2011.10.09"]
[Round "4"]
[White "Qin, Zi Yi (Joey)"]
[Black "Chiku-Ratte, Olivier-Kenta"]
[Result "1-0"]
[WhiteElo "2245"]
[BlackElo "2143"]
[PlyCount "101"]
[EventDate "2011.10.07"]
[EventType "swiss"]
[EventRounds "7"]
[EventCountry "CAN"]

1. e4 c5 2. Nf3 d6 3. d4 cxd4 4. Nxd4 Nf6 5. Nc3 g6 6. Be3 Bg7 7. f3 Nc6 8. Qd2
O-O 9. Bc4 Bd7 10. h4 h5 11. O-O-O Rc8 12. Bb3 Ne5 13. Bg5 Rc5 14. Kb1 Re8 15.
g4 hxg4 16. f4 Nc4 17. Qe2 Qc8 18. f5 Ne5 19. h5 gxh5 20. Bxf6 Bxf6 21. Nd5
Rxd5 22. Bxd5 a5 23. a3 e6 24. fxe6 fxe6 25. Ba2 Kg7 26. Rxh5 Rh8 27. Rxh8 Qxh8
28. Bxe6 Bxe6 29. Nxe6+ Kf7 30. Nf4 Qh6 31. Nd5 Bg5 32. Qb5 Qe6 33. Qxb7+ Kg6
34. Qb3 Qf7 35. Qg3 Qf3 36. Qxf3 Nxf3 37. b4 axb4 38. axb4 g3 39. b5 g2 40. b6
Nd2+ 41. Ka2 Nf1 42. b7 g1=Q 43. b8=Q Qf2 44. Qxd6+ Kh5 45. Qc7 Ng3 46. Rd3 Kg4
47. Rxg3+ Qxg3 48. Qxg3+ Kxg3 49. e5 Kf3 50. e6 Ke2 51. e7 1-0

[Event "Quebec-ch Elite"]
[Site "Montreal CAN"]
[Date "2011.10.09"]
[Round "5"]
[White "Chiku-Ratte, Olivier-Kenta"]
[Black "Gauthier, Denis"]
[Result "1-0"]
[WhiteElo "2143"]
[BlackElo "1974"]
[PlyCount "95"]
[EventDate "2011.10.07"]
[EventType "swiss"]
[EventRounds "7"]
[EventCountry "CAN"]

1. d4 Nf6 2. c4 e6 3. Nc3 Bb4 4. e3 O-O 5. Nge2 d5 6. cxd5 exd5 7. a3 Bd6 8.
Ng3 c6 9. Bd3 Re8 10. O-O Nbd7 11. Qc2 Nf8 12. Rb1 Be6 13. b4 Qd7 14. b5 Rec8
15. bxc6 bxc6 16. Bb2 c5 17. dxc5 Rxc5 18. Qd2 Ng6 19. Nge2 Ne5 20. Nd4 Nxd3
21. Qxd3 Qe7 22. h3 Nd7 23. f4 Nb6 24. a4 Nc4 25. Ncb5 a6 26. Nxd6 Qxd6 27. Bc3
a5 28. Nb5 Qe7 29. Bd4 Rcc8 30. f5 Bd7 31. Nc3 Qd6 32. Qe2 f6 33. Qf3 Bc6 34.
Rbd1 Rab8 35. Qg4 Ne5 36. Qg3 Re8 37. Rf4 Rb4 38. Rg4 Re7 39. Rc1 Qd7 40. Rh4
Rc4 41. Rf1 Bxa4 42. Nxa4 Rxa4 43. Rh6 Kh8 44. Qh4 Nf7 45. Rxh7+ Kg8 46. Rxg7+
Kxg7 47. Qxf6+ Kf8 48. Qg7+ 1-0

[Event "Quebec-ch Elite"]
[Site "Montreal CAN"]
[Date "2011.10.10"]
[Round "6"]
[White "Drolet, Stephane"]
[Black "Chiku-Ratte, Olivier-Kenta"]
[Result "0-1"]
[WhiteElo "2187"]
[BlackElo "2143"]
[PlyCount "144"]
[EventDate "2011.10.07"]
[EventType "swiss"]
[EventRounds "7"]
[EventCountry "CAN"]

1. b3 Nf6 2. Bb2 d6 3. d4 Nbd7 4. Nf3 g6 5. Nbd2 Bg7 6. g3 c5 7. e3 b6 8. Bg2
Bb7 9. O-O O-O 10. c4 Qc7 11. d5 e6 12. e4 exd5 13. exd5 b5 14. Qc2 bxc4 15.
bxc4 Nb6 16. a4 Bc8 17. Bc3 Bf5 18. Qb2 Nbd7 19. Nh4 Rab8 20. Qa3 Nh5 21. Nxf5
gxf5 22. Bxg7 Nxg7 23. Qe3 Rfe8 24. Qg5 f6 25. Qh6 Rb2 26. Rfe1 Ne5 27. Re2 Qa5
28. Rae1 Qc3 29. f4 Rxd2 30. fxe5 Qd4+ 31. Kf1 Rxe2 32. Rxe2 Rxe5 33. Rxe5 Qxe5
34. Qc1 Qd4 35. Qc2 f4 36. Bh3 f3 37. Qb3 Qe4 38. Qa2 a5 39. Kf2 f5 40. Bf1 f4
41. Qb3 Nf5 42. Qxf3 Qd4+ 43. Ke1 Ne3 44. gxf4 Nxf1 45. Qxf1 Qa1+ 46. Kf2 Qxa4
47. Qg2+ Kh8 48. Qe4 Qd7 49. Qb1 a4 50. Qa1+ Kg8 51. Qg1+ Qg7 52. Qb1 h5 53.
Qb5 a3 54. Qe8+ Qf8 55. Qg6+ Kh8 56. Qxh5+ Kg7 57. Qg4+ Kh7 58. Qh3+ Qh6 59.
Qxa3 Qxh2+ 60. Ke1 Qg1+ 61. Kd2 Qf2+ 62. Kd1 Qf1+ 63. Kd2 Qxf4+ 64. Qe3 Qxe3+
65. Kxe3 Kg6 66. Kf3 Kf5 67. Ke3 Ke5 68. Kd3 Kf4 69. Kc2 Ke4 70. Kc3 Ke3 71.
Kc2 Kd4 72. Kb3 Kd3 0-1

[Event "Quebec-ch Elite"]
[Site "Montreal CAN"]
[Date "2011.10.10"]
[Round "7"]
[White "Castellanos, Renier"]
[Black "Chiku-Ratte, Olivier-Kenta"]
[Result "1-0"]
[WhiteElo "2489"]
[BlackElo "2143"]
[PlyCount "43"]
[EventDate "2011.10.07"]
[EventType "swiss"]
[EventRounds "7"]
[EventCountry "CAN"]

1. e4 c5 2. Nf3 d6 3. Bc4 Nf6 4. d3 Nc6 5. c3 g6 6. O-O Bg7 7. Bb3 Bg4 8. Nbd2
O-O 9. h3 Bxf3 10. Nxf3 Nd7 11. d4 cxd4 12. cxd4 Nb6 13. Qd3 Rc8 14. Bd2 Qc7
15. Rac1 Qb8 16. Rfd1 Rfd8 17. h4 Nd7 18. Bxf7+ Kh8 19. Be6 Rc7 20. h5 gxh5 21.
Ng5 Rf8 22. e5 1-0

[Event "Montreal op"]
[Site "Montreal CAN"]
[Date "2011.09.09"]
[Round "1"]
[White "Sasseville, Jean"]
[Black "Chiku-Ratte, Olivier-Kenta"]
[Result "0-1"]
[WhiteElo "1989"]
[BlackElo "2114"]
[PlyCount "64"]
[EventDate "2011.09.09"]
[EventType "swiss"]
[EventRounds "5"]
[EventCountry "CAN"]

1. Nf3 c5 2. c4 Nf6 3. Nc3 g6 4. d4 cxd4 5. Nxd4 d6 6. e4 Bg7 7. Be2 Nc6 8. Be3
O-O 9. O-O Nxd4 10. Bxd4 a5 11. Rc1 Nd7 12. Bxg7 Kxg7 13. Qd4+ Kg8 14. Rfd1 a4
15. Bg4 Ne5 16. Bxc8 Qxc8 17. Nd5 Nc6 18. Qe3 Ra5 19. b4 axb3 20. axb3 Ra3 21.
Ra1 Qa8 22. Qc3 Rxa1 23. Rxa1 Qd8 24. b4 e5 25. c5 Nd4 26. Qc4 dxc5 27. bxc5
Qg5 28. Ne3 Rd8 29. g3 Qh5 30. Ra7 Qh3 31. Nf1 Nf3+ 32. Kh1 Nxh2 0-1

[Event "Montreal op"]
[Site "Montreal CAN"]
[Date "2011.09.10"]
[Round "2.3"]
[White "Chiku-Ratte, Olivier-Kenta"]
[Black "Noritsyn, Nikolay"]
[Result "0-1"]
[WhiteElo "2114"]
[BlackElo "2455"]
[PlyCount "50"]
[EventDate "2011.09.09"]
[EventType "swiss"]
[EventRounds "5"]
[EventCountry "CAN"]

1. d4 e6 2. c4 b6 3. Nc3 Bb7 4. Nf3 Bb4 5. Bd2 Nf6 6. e3 Bxc3 7. Bxc3 Ne4 8.
Qc2 O-O 9. Bd3 f5 10. O-O d6 11. Rae1 Rf6 12. Nd2 Rh6 13. Nxe4 fxe4 14. Be2 Qh4
15. h3 Nd7 16. f4 Rg6 17. Kh1 Rf8 18. b3 Rg3 19. Bd1 g5 20. fxg5 Rff3 21. Rg1
Nf8 22. d5 exd5 23. cxd5 Bc8 24. Bxf3 Bxh3 25. gxh3 Rxh3+ 0-1

[Event "Montreal op"]
[Site "Montreal CAN"]
[Date "2011.09.11"]
[Round "4.12"]
[White "Chiku-Ratte, Olivier-Kenta"]
[Black "Roy, Myriam"]
[Result "1-0"]
[WhiteElo "211"]
[BlackElo "1957"]
[PlyCount "84"]
[EventDate "2011.09.09"]
[EventType "swiss"]
[EventRounds "5"]
[EventCountry "CAN"]

1. d4 d5 2. c4 e6 3. Nc3 Nf6 4. cxd5 exd5 5. Bg5 c6 6. Qc2 Be7 7. e3 Nbd7 8.
Bd3 O-O 9. Nf3 Re8 10. h3 Nf8 11. O-O Ng6 12. Bxf6 Bxf6 13. b4 Bd7 14. b5 Rc8
15. bxc6 Bxc6 16. Qb3 Nh4 17. Nxh4 Bxh4 18. Rac1 Qg5 19. Bb5 Rcd8 20. Ne2 Rd6
21. Bxc6 bxc6 22. Qa4 Rc8 23. Qxa7 Qf5 24. Qc5 Be7 25. Qc2 Qh5 26. Ng3 Qg5 27.
Qf5 Qxf5 28. Nxf5 Rd7 29. Rc2 Bf8 30. Rfc1 g6 31. Ng3 Ra8 32. Rxc6 Rxa2 33.
R6c2 Ra6 34. Ne2 Kg7 35. Rb1 Ra5 36. Rcb2 h5 37. h4 Rc7 38. Rb5 Ra2 39. R1b2
Ra1+ 40. Kh2 Ba3 41. Rd2 Rd7 42. Nc3 Bd6+ 1-0

[Event "Montreal op"]
[Site "Montreal CAN"]
[Date "2011.09.11"]
[Round "5.9"]
[White "Robichaud, Louis"]
[Black "Chiku-Ratte, Olivier-Kenta"]
[Result "1-0"]
[WhiteElo "2114"]
[BlackElo "2114"]
[PlyCount "55"]
[EventDate "2011.09.09"]
[EventType "swiss"]
[EventRounds "5"]
[EventCountry "CAN"]

1. e4 c5 2. Nc3 Nc6 3. g3 d6 4. Bg2 g6 5. d3 Bg7 6. f4 e6 7. Nf3 Nge7 8. O-O
O-O 9. Be3 Nd4 10. e5 Nef5 11. Bf2 Nxf3+ 12. Qxf3 Nd4 13. Qd1 dxe5 14. fxe5 Rb8
15. Ne4 b6 16. c3 Nb5 17. Nf6+ Kh8 18. Qd2 Nd6 19. g4 Bxf6 20. exf6 e5 21. Qg5
Re8 22. Be3 Be6 23. Rf3 Bxg4 24. Qxg4 e4 25. dxe4 Rxe4 26. Qg5 Qg8 27. Qd5 Rbe8
28. Bh6 1-0

[Event "Mercredi 2011.08.31 ABCD"]
[Site "Montreal CAN"]
[Date "2011.08.31"]
[Round "1"]
[White "Chiku-Ratte, Olivier-Kenta"]
[Black "Sasseville, Jean"]
[Result "1-0"]
[WhiteElo "2160"]
[BlackElo "1964"]
[PlyCount "75"]
[EventDate "2011.08.31"]
[EventType "tourn"]
[EventRounds "5"]
[EventCountry "CAN"]

1. d4 Nf6 2. c4 c5 3. d5 e5 4. Nc3 d6 5. e4 Be7 6. Bd3 Nbd7 7. Nge2 a6 8. Ng3
g6 9. Bh6 Bf8 10. Be3 h5 11. f3 Bh6 12. Bxh6 Rxh6 13. Qd2 Rh8 14. O-O Kf8 15.
a3 Kg7 16. Qf2 h4 17. Nge2 Nh5 18. Qe3 Qe7 19. b4 b6 20. Rab1 Rf8 21. g4 hxg3
22. hxg3 Rh8 23. Kg2 cxb4 24. axb4 Nhf6 25. Rh1 Bb7 26. Na4 b5 27. cxb5 Rxh1
28. Rxh1 Ng8 29. bxa6 Bxa6 30. Bxa6 Rxa6 31. Nec3 Qd8 32. b5 Ra5 33. Rb1 Qc8
34. Rb4 Ne7 35. b6 Qb7 36. Qe2 Nc8 37. Qc4 Kf8 38. Qc6 1-0

[Event "Mercredi 2011.08.31 ABCD"]
[Site "Montreal CAN"]
[Date "2011.09.06"]
[Round "2"]
[White "Lopez Linares, Lizandro"]
[Black "Chiku-Ratte, Olivier-Kenta"]
[Result "0-1"]
[WhiteElo "1981"]
[BlackElo "2160"]
[PlyCount "88"]
[EventDate "2011.08.31"]
[EventType "tourn"]
[EventRounds "5"]
[EventCountry "CAN"]

1. d4 Nf6 2. c4 c5 3. d5 e6 4. Nc3 exd5 5. cxd5 d6 6. Nf3 g6 7. g3 Bg7 8. Bg2
O-O 9. O-O a6 10. a4 Re8 11. Nd2 Ng4 12. a5 Qc7 13. h3 Ne5 14. f4 Ned7 15. Nc4
b5 16. axb6 Nxb6 17. Na5 Bd7 18. e4 Bd4+ 19. Kh2 Bb5 20. Rf3 N8d7 21. Nb3 Bg7
22. e5 dxe5 23. d6 Qc8 24. f5 Bc6 25. fxg6 hxg6 26. Na5 Bxf3 27. Qxf3 f5 28.
Qd1 e4 29. Bf4 Rb8 30. Bf1 Ne5 31. Nd5 Nxd5 32. Qxd5+ Qe6 33. Qxe6+ Rxe6 34.
Bxe5 Rxe5 35. Nc4 Rd5 36. Rxa6 Rd8 37. Kg2 Bf8 38. Kf2 Bxd6 39. Ke3 Kg7 40. g4
Bg3 41. gxf5 gxf5 42. Be2 Re8 43. Bh5 f4+ 44. Ke2 Rxh5 0-1

[Event "Mercredi 2011.08.31 ABCD"]
[Site "Montreal CAN"]
[Date "2011.09.14"]
[Round "3"]
[White "Chiku-Ratte, Olivier-Kenta"]
[Black "Gagnon, Serge"]
[Result "0-1"]
[WhiteElo "2160"]
[BlackElo "2108"]
[PlyCount "68"]
[EventDate "2011.08.31"]
[EventType "tourn"]
[EventRounds "5"]
[EventCountry "CAN"]

1. d4 c5 2. d5 b5 3. e4 a6 4. a4 bxa4 5. Rxa4 d6 6. c4 Nf6 7. Nc3 g6 8. f4 Nbd7
9. Nf3 Bg7 10. Bd3 O-O 11. O-O Nb6 12. Ra2 Nfd7 13. Re1 Bb7 14. e5 dxe5 15.
fxe5 e6 16. Bg5 Qc7 17. Be7 Rfe8 18. Bd6 Qd8 19. Be4 Qc8 20. dxe6 fxe6 21. b3
Bxe4 22. Nxe4 Qc6 23. Rd2 a5 24. Qb1 a4 25. Neg5 Nf8 26. Bxf8 Bxf8 27. Nxh7
Kxh7 28. Ng5+ Kg7 29. Rf2 Re7 30. Rf6 Qe8 31. Ref1 Nd7 32. Qe4 Ra7 33. Qe3 a3
34. Qf3 Kg8 0-1

[Event "Mercredi 2011.08.31 ABCD"]
[Site "Montreal CAN"]
[Date "2011.09.21"]
[Round "4"]
[White "Chiku-Ratte, Olivier-Kenta"]
[Black "Tremblay, Alain"]
[Result "1/2-1/2"]
[WhiteElo "2160"]
[BlackElo "2078"]
[PlyCount "72"]
[EventDate "2011.08.31"]
[EventType "tourn"]
[EventRounds "5"]
[EventCountry "CAN"]

1. d4 Nf6 2. c4 e6 3. Nc3 d5 4. cxd5 exd5 5. Bg5 Be7 6. e3 O-O 7. Bd3 h6 8. Bf4
c5 9. dxc5 Bxc5 10. Nge2 Nc6 11. O-O a6 12. Qd2 d4 13. exd4 Nxd4 14. Nxd4 Qxd4
15. Rad1 Bg4 16. Be3 Qb4 17. Bxc5 Qxc5 18. Rc1 Rad8 19. Qc2 Rd4 20. Qb1 Qb6 21.
h3 Be6 22. Rcd1 Qc5 23. Qc1 Rh4 24. Be2 b5 25. a3 Bc4 26. Qd2 Re8 27. Rfe1 Bxe2
28. Rxe2 Rxe2 29. Qxe2 Rd4 30. Rc1 Qd6 31. Rd1 Rxd1+ 32. Nxd1 Qc5 33. Nc3 Qd4
34. Qf3 b4 35. axb4 Qxb4 36. Qe2 Qb3 1/2-1/2

[Event "Mercredi 2011.08.31 ABCD"]
[Site "Montreal CAN"]
[Date "2011.09.28"]
[Round "5"]
[White "Levkovsky, Alexandre"]
[Black "Chiku-Ratte, Olivier-Kenta"]
[Result "1-0"]
[WhiteElo "2256"]
[BlackElo "2160"]
[PlyCount "99"]
[EventDate "2011.08.31"]
[EventType "tourn"]
[EventRounds "5"]
[EventCountry "CAN"]

1. e4 c5 2. Nf3 d6 3. d4 cxd4 4. Nxd4 Nf6 5. Nc3 g6 6. g3 Nc6 7. Nde2 Bg7 8.
Bg2 O-O 9. O-O Rb8 10. Nd5 Nd7 11. c3 b5 12. Be3 e6 13. Nb4 Nxb4 14. cxb4 Nb6
15. Nd4 Bd7 16. b3 Qe7 17. Rc1 Rfc8 18. Qd3 Qe8 19. f4 e5 20. Ne2 Qe7 21. Nc3
exf4 22. Bxf4 Be5 23. Be3 Qe8 24. Rc2 Rc6 25. Rfc1 Rbc8 26. Ne2 R8c7 27. Nd4
Rxc2 28. Rxc2 Rxc2 29. Qxc2 Qc8 30. Qxc8+ Nxc8 31. Bf1 a6 32. a4 Bxd4 33. Bxd4
f5 34. exf5 gxf5 35. Bg2 Ne7 36. Bf6 Kf7 37. Bxe7 Kxe7 38. Bb7 bxa4 39. bxa4
Bxa4 40. Bxa6 d5 41. Kf2 Kd6 42. Ke3 Ke5 43. b5 Kd6 44. Kd4 Bc2 45. b6 Be4 46.
Bb5 Bf3 47. Be8 h5 48. h4 Bg4 49. b7 Kc7 50. Bc6 1-0

[Event "Quebec op"]
[Site "Montreal CAN"]
[Date "2011.07.23"]
[Round "1.27"]
[White "Yun, Chang"]
[Black "Chiku-Ratte, Olivier-Kenta"]
[Result "0-1"]
[WhiteElo "1881"]
[BlackElo "2098"]
[PlyCount "76"]
[EventDate "2011.07.23"]
[EventType "swiss"]
[EventRounds "9"]
[EventCountry "CAN"]

1. e4 c5 2. Nf3 d6 3. d4 cxd4 4. Nxd4 Nf6 5. Nc3 g6 6. Be3 Bg7 7. f3 Nc6 8. Qd2
O-O 9. O-O-O d5 10. Kb1 Nxd4 11. e5 Nf5 12. exf6 exf6 13. Bc5 d4 14. Bxf8 Qxf8
15. Ne2 Ne3 16. Rc1 f5 17. f4 Nc4 18. Qe1 Be6 19. Nxd4 Bxd4 20. Bxc4 Bxc4 21.
Qa5 b6 22. Qa4 b5 23. Qa5 Bb6 24. Qc3 Rc8 25. Qg3 Bd5 26. h4 h5 27. Rhe1 Be4
28. Qg5 Bd8 29. Qg3 Bf6 30. Qb3 Rc4 31. a3 Qc5 32. Re2 a5 33. g3 a4 34. Qe3 Bd4
35. Qd2 b4 36. axb4 Rxb4 37. Rxe4 Rxb2+ 38. Ka1 Qa3# 0-1

[Event "Quebec op"]
[Site "Montreal CAN"]
[Date "2011.07.24"]
[Round "2.24"]
[White "Chiku-Ratte, Olivier-Kenta"]
[Black "Le Duin, Thierry"]
[Result "1-0"]
[WhiteElo "2098"]
[BlackElo "1877"]
[PlyCount "62"]
[EventDate "2011.07.23"]
[EventType "swiss"]
[EventRounds "9"]
[EventCountry "CAN"]

1. d4 Nf6 2. c4 c5 3. d5 b5 4. cxb5 a6 5. b6 Qxb6 6. Nc3 d6 7. a4 a5 8. e4 g6
9. f4 Bg7 10. Bc4 O-O 11. Nf3 Bg4 12. O-O Ne8 13. h3 Bxf3 14. Qxf3 Na6 15. Qd3
Nb4 16. Qd2 Nc7 17. b3 f5 18. e5 Kh8 19. Re1 Rad8 20. exd6 exd6 21. Bb2 Rde8
22. Nb5 Nxb5 23. Bxg7+ Kxg7 24. axb5 Qd8 25. Qc3+ Kg8 26. Rxe8 Rxe8 27. Re1 Re7
28. Kf1 Rxe1+ 29. Qxe1 Qf6 30. b6 Kf8 31. b7 Qd8 1-0

[Event "Quebec op"]
[Site "Montreal CAN"]
[Date "2011.07.25"]
[Round "4"]
[White "Chiku-Ratte, Olivier-Kenta"]
[Black "Wu, Qiyou"]
[Result "1-0"]
[WhiteElo "2098"]
[BlackElo "1942"]
[PlyCount "101"]
[EventDate "2011.07.23"]
[EventType "swiss"]
[EventRounds "9"]
[EventCountry "CAN"]

1. d4 d5 2. c4 e6 3. Nc3 Be7 4. cxd5 exd5 5. Bf4 Nf6 6. e3 c6 7. Bd3 Nbd7 8.
Qc2 O-O 9. Nf3 Re8 10. O-O Nf8 11. h3 Bd6 12. Bxd6 Qxd6 13. Rab1 a5 14. a3 Ng6
15. Na4 Ne4 16. Nb6 Rb8 17. b4 axb4 18. axb4 Qf6 19. Nxc8 Rbxc8 20. Rfc1 Nh4
21. Nxh4 Qxh4 22. Bxe4 Rxe4 23. b5 Re6 24. Qa2 Qg5 25. bxc6 Rg6 26. f4 Qg3 27.
Kh1 bxc6 28. Qxd5 h6 29. Qf3 Qxf3 30. gxf3 Rg3 31. Rf1 Rxh3+ 32. Kg2 Rh5 33.
Rfc1 Ra5 34. Rb3 Ra2+ 35. Kg3 Re2 36. d5 c5 37. e4 Ra8 38. f5 h5 39. Rd3 g5 40.
fxg6 fxg6 41. d6 Kf7 42. d7 Ke7 43. Rxc5 Rd8 44. Rg5 Kf6 45. Kf4 h4 46. Rd6+
Ke7 47. Rdxg6 Rf8+ 48. Rf5 Rh8 49. Rg7+ Kd8 50. Rc5 Rf8+ 51. Ke5 1-0

[Event "Quebec op"]
[Site "Montreal CAN"]
[Date "2011.07.26"]
[Round "5"]
[White "Gelet, Seymour"]
[Black "Chiku-Ratte, Olivier-Kenta"]
[Result "0-1"]
[WhiteElo "2020"]
[BlackElo "2098"]
[PlyCount "67"]
[EventDate "2011.07.23"]
[EventType "swiss"]
[EventRounds "9"]
[EventCountry "CAN"]

1. d4 Nf6 2. c4 c5 3. d5 e6 4. Nc3 exd5 5. cxd5 d6 6. e4 g6 7. Bd3 Bg7 8. f4
O-O 9. Nf3 Re8 10. Qc2 a6 11. a4 Nbd7 12. O-O Qc7 13. Re1 c4 14. Bf1 Rb8 15. a5
b5 16. axb6 Nxb6 17. Kh1 Bb7 18. Na4 Nfd7 19. Be3 Rbc8 20. Nd2 Nxa4 21. Rxa4 c3
22. bxc3 Qxc3 23. Qxc3 Bxc3 24. Bxa6 Bxa6 25. Rxa6 Nc5 26. Bxc5 Bxd2 27. Re2
Rxc5 28. g3 Bb4 29. Kg2 Rxd5 30. Kf3 Rd3+ 31. Kg4 f5+ 32. Kg5 fxe4 33. Ra7 Rd5+
34. Kh6 0-1

[Event "Quebec op"]
[Site "Montreal CAN"]
[Date "2011.07.27"]
[Round "6"]
[White "Chiku-Ratte, Olivier-Kenta"]
[Black "Trottier, Emile"]
[Result "1-0"]
[WhiteElo "2098"]
[BlackElo "2032"]
[PlyCount "59"]
[EventDate "2011.07.23"]
[EventType "swiss"]
[EventRounds "9"]
[EventCountry "CAN"]

1. d4 e6 2. c4 f5 3. g3 Nf6 4. Bg2 d5 5. Qc2 c6 6. Nh3 Bd6 7. O-O O-O 8. Bf4
Bxf4 9. Nxf4 g5 10. Nd3 Bd7 11. Nd2 Be8 12. Nf3 g4 13. Nfe5 Qe7 14. b4 Nbd7 15.
cxd5 exd5 16. b5 Nxe5 17. Nxe5 Qe6 18. Rfc1 cxb5 19. Qc7 Bc6 20. Nxc6 bxc6 21.
Rxc6 Qf7 22. Qf4 Ne4 23. Rac1 Qg7 24. Rc7 Qf6 25. e3 Qg6 26. Qe5 Rad8 27. R1c6
Qg5 28. Bxe4 dxe4 29. Rxa7 Rfe8 30. Qc7 1-0

[Event "Quebec op"]
[Site "Montreal CAN"]
[Date "2011.07.28"]
[Round "7"]
[White "Carrier, Claude"]
[Black "Chiku-Ratte, Olivier-Kenta"]
[Result "0-1"]
[WhiteElo "1996"]
[BlackElo "2098"]
[PlyCount "70"]
[EventDate "2011.07.23"]
[EventType "swiss"]
[EventRounds "9"]
[EventCountry "CAN"]

1. e4 c5 2. Nf3 d6 3. d4 cxd4 4. Nxd4 Nf6 5. Nc3 g6 6. Be3 Bg7 7. f3 Nc6 8. Bc4
O-O 9. Qd2 Bd7 10. h4 h5 11. O-O-O Rc8 12. Bb3 Ne5 13. Bg5 Rc5 14. f4 Nc4 15.
Bxc4 Rxc4 16. Bxf6 Bxf6 17. e5 Bg7 18. Nf3 Qa5 19. Qd5 Rc5 20. Qxb7 Bc6 21.
Qxe7 Bxf3 22. gxf3 Rfc8 23. Qxd6 Rxc3 24. bxc3 Bf8 25. Qd4 Ba3+ 26. Kd2 Rd8 27.
Ke2 Rxd4 28. cxd4 Qc3 29. Rd2 Qc4+ 30. Ke3 Bb4 31. Rd3 Qxc2 32. Rhd1 Qxa2 33.
Rc1 Qd5 34. Rc8+ Kg7 35. Rb8 a5 0-1